Designing roofs for climate change (Record no. 105470)
[ view plain ]
| 000 -LEADER | |
|---|---|
| fixed length control field | 00867cam a2200229 4500 |
| 001 - CONTROL NUMBER | |
| control field | ##L133770 |
| 008 - FIXED-LENGTH DATA ELEMENTS--GENERAL INFORMATION | |
| fixed length control field | 060609n2006 000 0 eng u |
| 020 ## - INTERNATIONAL STANDARD BOOK NUMBER | |
| International Standard Book Number | 1860819168 |
| 035 ## - SYSTEM CONTROL NUMBER | |
| System control number | (Sirsi) u133770 |
| 041 0# - LANGUAGE CODE | |
| Language code of text/sound track or separate title | eng |
| 050 04 - LIBRARY OF CONGRESS CALL NUMBER | |
| Classification number | 690.15 $2 18 |
| 100 1# - MAIN ENTRY--PERSONAL NAME | |
| Personal name | Saunders, G. K. |
| 245 00 - TITLE STATEMENT | |
| Title | Designing roofs for climate change |
| Remainder of title | modifications to good practice guidance |
| 260 ## - PUBLICATION, DISTRIBUTION, ETC. | |
| Place of publication, distribution, etc. | Watford |
| Name of publisher, distributor, etc. | BRE |
| Date of publication, distribution, etc. | 2006 |
| 300 ## - PHYSICAL DESCRIPTION | |
| Extent | 8p. |
| Other physical details | ill. |
| Dimensions | 30cm. |
| 350 ## - PRICE (NR) (BK AM CF MU VM SE) [OBSOLETE] | |
| Price | 12 00 |
| 490 #0 - SERIES STATEMENT | |
| Series statement | BRE Digest |
| Volume/sequential designation | 499 |
| 520 ## - SUMMARY, ETC. | |
| Summary, etc. | This digest gives recommendations on proposed modifications to guidance on good practice for many types of roof in the light of climate changes predicting higher and prolonged summer temperatures and milder, but wetter, winters. |
| 651 #4 - SUBJECT ADDED ENTRY--GEOGRAPHIC NAME | |
| Geographic name | United Kingdom |
| Chronological subdivision | |
| 690 ## - LOCAL SUBJECT ADDED ENTRY--TOPICAL TERM (OCLC, RLIN) | |
| Topical term or geographic name as entry element | BUILT ENVIRONMENT-BUILDING ELEMENTS-COMPLETE BUILDING ELEMENTS-ROOFS |
| 942 ## - ADDED ENTRY ELEMENTS (KOHA) | |
| Suppress in OPAC | 0 |
| Withdrawn status | Lost status | Source of classification or shelving scheme | Damaged status | Not for loan | Home library | Current library | Shelving location | Date acquired | Total Checkouts | Full call number | Barcode | Date last seen | Copy number | Price effective from | Koha item type |
|---|---|---|---|---|---|---|---|---|---|---|---|---|---|---|---|
| Dewey Decimal Classification | London | London | BRE publications | 28/06/2006 | ENQUIRY DESK | 30073035 | 06/08/2019 | 1 | 06/08/2019 | Book |